Brasil: crónica de un impeachment anunciado /

שמור ב:
מידע ביבליוגרפי
מחבר ראשי: Breda, Tadeu
פורמט: ספר
שפה:Spanish
תגים: הוספת תג
אין תגיות, היה/י הראשונ/ה לתייג את הרשומה!

MARC

LEADER 00000nam a22000007a 4500
003 cru CIDCACS/IIS
005 20200925161325.0
007 ta
008 170405e2016 ag ||||| |||| 00| 0 spa d
040 |c CRAI/IIS  |a CRAI/IIS 
100 1 |9 3934  |a Breda, Tadeu 
245 1 |a Brasil:  |b crónica de un impeachment anunciado /  |c Tadeu Breda 
300 |a páginas 5-18 
773 0 |0 19022  |9 585  |a Fundación Friedrich Ebert  |d Fundación Friedrich Ebert; Nueva Sociedad  |o R19092  |t Nueva Sociedad / 
942 |2 ddc  |c PP 
999 |c 19120  |d 19120